[Event "English Opening Thematic"]
[Site "SchemingMind.com"]
[Date "2018.03.13"]
[Round "-"]
[White "Johnny Owens"]
[Black "Keithk"]
[Result "1/2-1/2"]
[WhiteCountry "USA"]
[BlackCountry "ENG"]
[WhiteElo "2110"]
[WhiteRD "69"]
[BlackElo "2495"]
[BlackRD "61"]
[GameID "425760"]

1. c4 e5 2. g3 Nf6 3. Bg2 d5 4. cxd5 Nxd5 5. Nc3 Nb6 6. Nf3 Nc6 7. O-O Be7 8. Rb1 a5 9. d3 Be6 10. Be3 O-O
11. d4 exd4 12. Nxd4 Nxd4 13. Bxd4 c6 14. Qd3 a4 15. Be4 h6 16. f4 f5 17. Bxc6 bxc6 18. Qe3 Qc8 19. Bxb6 c5 20. Bc7 Bxa2
21. Qxe7 Rf7 22. Nd5 Bxd5 23. Qxc5 Qxc7 24. Qxd5 Ra5 25. Qe6 Kh7 26. Rfc1 Qa7+ 27. Kf1 Re7 28. Qc6 Qb8 29. Rc5 Rxc5 30. Qxc5 Qb7
31. Qxf5+=
1/2-1/2

[Event "English Opening Thematic"]
[Site "SchemingMind.com"]
[Date "2018.03.13"]
[Round "-"]
[White "Keithk"]
[Black "Johnny Owens"]
[Result "1-0"]
[WhiteCountry "ENG"]
[BlackCountry "USA"]
[WhiteElo "2495"]
[WhiteRD "61"]
[BlackElo "2110"]
[BlackRD "69"]
[GameID "425761"]

1. c4 e6 2. Nc3 f6 3. d4 Bb4 4. e4 Ne7 5. Bd3 O-O 6. Ne2 e5 7. O-O d6 8. Nd5 Ba5 9. Qa4 Nxd5 10. exd5 c6
11. Be3 f5 12. dxe5 dxe5 13. Rad1 cxd5 14. cxd5 Nd7 15. d6 f4 16. Bd2 Bb6 17. Qe4 Qh4 18. Be3 Nf6 19. Qc4+ Kh8 20. Bxb6 axb6
21. f3 Bd7 22. Nc3 g5 23. Be4 g4 24. Bxb7 b5 25. Qc5 Rae8 26. Ne4 gxf3 27. Rxf3 Bg4 28. Nxf6 Qxf6 29. d7
1-0

[Event "English Opening Thematic"]
[Site "SchemingMind.com"]
[Date "2018.03.13"]
[Round "-"]
[White "William Lindberg"]
[Black "echecs"]
[Result "1-0"]
[WhiteCountry "USA"]
[BlackCountry "ENG"]
[WhiteElo "2460"]
[WhiteRD "67"]
[BlackElo "1736"]
[BlackRD "65"]
[GameID "425832"]

1. c4 c5 2. Nf3 Nf6 3. Nc3 Nc6 4. e3 e6 5. d4 cxd4 6. exd4 Be7 7. d5 Nb4 8. d6 Bf8 9. Nb5 Na6 10. Qd4 g6
11. Bf4 Bg7 12. Nc7+ Nxc7 13. dxc7 Qe7 14. Bd6 Nh5 15. Qd2 Qf6 16. O-O-O a5 17. c5 a4 18. a3 g5 19. Nxg5 Bh6 20. h4 Rg8
21. g3 Rxg5 22. hxg5 Bxg5 23. f4 Nxf4 24. gxf4 Bh6 25. Rg1
1-0

[Event "English Opening Thematic"]
[Site "SchemingMind.com"]
[Date "2018.03.15"]
[Round "-"]
[White "The Stonewall"]
[Black "William Lindberg"]
[Result "0-1"]
[WhiteCountry "ENG"]
[BlackCountry "USA"]
[WhiteElo "2302"]
[WhiteRD "89"]
[BlackElo "2472"]
[BlackRD "64"]
[GameID "425833"]

1. c4 e5 2. e3 Nf6 3. Nc3 Bb4 4. Nge2 O-O 5. a3 Be7 6. d4 exd4 7. Qxd4 Re8 8. Qd1 b6 9. Nf4 Bb7 10. Bd3 Na6
11. O-O Nc5 12. Bc2 a5 13. Nd3 g6 14. Re1 Nce4 15. Nxe4 Nxe4 16. f3 Nc5 17. e4 Ba6 18. b3 Bf6 19. Rb1 Ne6 20. e5 Bg7
21. Nf2 a4 22. Ng4 axb3 23. Be4 c6 24. Qxb3 Nc5 25. Qc2 h5 26. Nh6+ Kf8 27. Nxf7 Kxf7 28. Bxg6+ Kg8 29. Bxe8 Qxe8 30. Rxb6 Qe6
31. Rb4 d6 32. Be3 Qxe5 33. Bf2 Qc3 34. Qg6 Nd3 35. Re8+ Rxe8 36. Qxe8+ Bf8 37. Qg6+ Kh8 38. Qxh5+ Kg7 39. Qg5+ Kh8 40. Qh4+ Kg8
41. Qg4+ Kf7 42. Qf5+ Kg7 43. Rb1 Nxf2 44. Kxf2 Be7 45. Qg4+ Kf7 46. Qf4+ Bf6 47. Rd1 Qc2+ 48. Rd2 Qc1 49. Qxd6 Qxc4 50. Qd7+ Be7
51. Rd4 Qc5 52. Kg3 Qe5+ 53. Rf4+ Kg6 54. Qxc6+ Bd6 55. Qe4+ Kh6 56. h4 Bc8 57. a4 Qg7+ 58. Kf2 Qb2+ 59. Kg3 Qe5 60. a5 Qxa5
61. Kf2 Qd2+ 62. Kg3 Qc3 63. Kf2 Qb2+ 64. Kg3 Qe5
0-1

[Event "English Opening Thematic"]
[Site "SchemingMind.com"]
[Date "2018.03.15"]
[Round "-"]
[White "William Lindberg"]
[Black "The Stonewall"]
[Result "1-0"]
[WhiteCountry "USA"]
[BlackCountry "ENG"]
[WhiteElo "2472"]
[WhiteRD "64"]
[BlackElo "2302"]
[BlackRD "89"]
[GameID "425834"]

1. c4 g6 2. d4 Bg7 3. Nc3 d6 4. e4 e5 5. d5 Nd7 6. h4 h5 7. Nh3 a5 8. g3 Nc5 9. Bg5 Ne7 10. f3 a4
11. Qd2 f6 12. Be3 b6 13. O-O-O Bd7 14. Be2 Kf7 15. Nf2 Qf8 16. Rde1 Bh6 17. Bxh6 Qxh6 18. f4 Kg7 19. Nd3 Ra7 20. Kb1 Rb8
21. Bf1 Nxd3 22. Bxd3 Rc8 23. a3 Ra5 24. Rhf1 Kh7 25. Qd1 Kg7 26. Be2 Rd8 27. fxe5 fxe5 28. g4 hxg4 29. Bxg4 Raa8 30. Bxd7 Rxd7
31. Qg4 Rad8 32. h5 g5 33. Ne2 Ng8 34. Ng3 Kh7 35. Rf3 Qg7 36. Qf5+ Kh8 37. h6 Nxh6 38. Rh1 Re7 39. Qh3 g4 40. Qxh6+ Qxh6
41. Rxh6+
1-0

[Event "English Opening Thematic"]
[Site "SchemingMind.com"]
[Date "2018.03.13"]
[Round "-"]
[White "Aba"]
[Black "William Lindberg"]
[Result "0-1"]
[WhiteCountry "ISR"]
[BlackCountry "USA"]
[WhiteElo "1818"]
[WhiteRD "71"]
[BlackElo "2460"]
[BlackRD "67"]
[GameID "425835"]

1. c4 e5 2. e4 Nc6 3. Nf3 Bc5 4. d3 d6 5. a3 Nge7 6. Bg5 O-O 7. Nc3 Nd4 8. Nxd4 Bxd4 9. Qd2 c6 10. Ne2 Bb6
11. b4 a5 12. b5 d5 13. exd5 cxd5 14. cxd5 a4 15. Bxe7 Qxe7 16. Nc3 Qh4 17. g3 Qd4 18. Bg2 Ba5 19. Rc1 Bd7 20. O-O Rac8
0-1

[Event "English Opening Thematic"]
[Site "SchemingMind.com"]
[Date "2018.03.13"]
[Round "-"]
[White "William Lindberg"]
[Black "Aba"]
[Result "1-0"]
[WhiteCountry "USA"]
[BlackCountry "ISR"]
[WhiteElo "2460"]
[WhiteRD "67"]
[BlackElo "1818"]
[BlackRD "71"]
[GameID "425836"]

1. c4 e5 2. g3 d6 3. Nc3 c6 4. d4 Nd7 5. Nf3 h6 6. e4 Ngf6 7. Be2 b6 8. Be3 Ng4 9. Bd2 Ba6 10. O-O Be7
11. d5 c5 12. Ne1 Ngf6 13. Ng2 h5 14. f4 exf4 15. gxf4 g6 16. e5 dxe5 17. fxe5 Nh7 18. e6 fxe6 19. dxe6 Ne5 20. Qa4+
1-0

[Event "English Opening Thematic"]
[Site "SchemingMind.com"]
[Date "2018.03.13"]
[Round "-"]
[White "mespina"]
[Black "William Lindberg"]
[Result "1/2-1/2"]
[WhiteCountry "ESP"]
[BlackCountry "USA"]
[WhiteElo "2116"]
[WhiteRD "88"]
[BlackElo "2460"]
[BlackRD "67"]
[GameID "425837"]

1. c4 Nf6 2. d4 e6 3. Nc3 Bb4 4. e3 O-O 5. Bd3 c5 6. Nf3 b6 7. O-O d5 8. a3 Bxc3 9. bxc3 Nc6 10. cxd5 exd5
11. Ne5 Bb7 12. f4 Rc8 13. Bb2 Na5 14. Rf3 Rc7 15. Rh3 Bc8 16. f5 Nc4 17. Qe2 Re8 18. Bxc4 dxc4 19. Rf1 b5 20. Rf4 a5
21. a4 b4 22. Nxc4 Re4 23. Rhh4 Rxf4 24. Rxf4 Nd5 25. Re4 bxc3 26. Ba3 Nf6 27. Rf4 Ba6 28. dxc5 Re7 29. c6 Re4 30. Rxe4 Nxe4
31. Qc2 Qd5 32. Nb2 Qxc6 33. Nd1 h6 34. h3 Qc4 35. Kh2 Qd5 36. Nxc3 Qe5+ 37. Kh1 Nxc3 38. Bb2 Qxe3 39. Qxc3 Qxc3 40. Bxc3 Bd3
41. Bxa5 Bc2 42. g4 Bxa4 43. Kh2=
1/2-1/2

[Event "English Opening Thematic"]
[Site "SchemingMind.com"]
[Date "2018.03.14"]
[Round "-"]
[White "William Lindberg"]
[Black "mespina"]
[Result "1-0"]
[WhiteCountry "USA"]
[BlackCountry "ESP"]
[WhiteElo "2460"]
[WhiteRD "67"]
[BlackElo "2116"]
[BlackRD "88"]
[GameID "425838"]

1. c4 Nf6 2. d4 g6 3. Nc3 Bg7 4. e4 d6 5. h3 O-O 6. Nf3 e5 7. d5 a5 8. Bd3 Na6 9. O-O Nc5 10. Bc2 Nfd7
11. a3 f5 12. Bg5 Bf6 13. Bh6 Bg7 14. Bg5 Bf6 15. Bh6 Bg7 16. Bd2 a4 17. Nxa4 Nxa4 18. Bxa4 Nc5 19. Bc2 h6 20. Qe2 Nxe4
21. Bxe4 fxe4 22. Nh2 Qh4 23. Be3 Rf7 24. Rfc1 Bd7 25. Rc3 Raf8 26. c5 h5 27. Rac1 g5 28. Rb3 g4 29. Rxb7 gxh3 30. g3 Bg4
31. Nxg4 Qxg4 32. Qxg4 hxg4 33. b4 dxc5 34. Rxc5 Rc8 35. d6 c6 36. d7 Rd8 37. Rxc6 Rfxd7 38. Rxd7 Rxd7 39. b5 Bf8 40. a4 Bb4
41. b6 Kf8 42. Rc7 Rd1+ 43. Kh2 Bd6 44. Rc8+ Ke7 45. Ra8
1-0

[Event "English Opening Thematic"]
[Site "SchemingMind.com"]
[Date "2018.03.14"]
[Round "-"]
[White "William Lindberg"]
[Black "Johnny Owens"]
[Result "1/2-1/2"]
[WhiteCountry "USA"]
[BlackCountry "USA"]
[WhiteElo "2517"]
[WhiteRD "67"]
[BlackElo "2197"]
[BlackRD "64"]
[GameID "425839"]

1. c4 e6 2. d4 Nf6 3. Nf3 d5 4. Nc3 Bb4 5. Qb3 Bxc3+ 6. Qxc3 Ne4 7. Qc2 O-O 8. e3 c5 9. dxc5 Nd7 10. Be2 Qf6
11. Rb1 a5 12. c6 bxc6 13. O-O Rd8 14. Nd2 Ndc5 15. cxd5 exd5 16. f3 Nxd2 17. Bxd2 Nd7 18. Rbc1 c5 19. Rfd1 Bb7 20. b3 h6
21. Bb5 a4 22. bxa4 c4 23. Bxd7 Rxd7 24. Re1 Re7 25. Bc3 Qg5 26. Rb1 Rae8 27. Bd4 Ra8 28. Bc3 Bc8 29. Qf2 Rxa4 30. h4 Qf5
31. Red1 Kh7 32. Rb5 Qe6 33. e4 dxe4 34. Re5 Rd7 35. Rxe6 Rxd1+ 36. Kh2 Bxe6 37. Qc2 Rd3 38. Qxa4 Rxc3 39. fxe4 Rd3 40. h5 Rd2
41. Qa3 c3 42. Qxc3 Rxa2 43. Kg3 Ra8 44. Kf4 Rc8 45. Qa5 Rc2 46. Kf3 Rc4 47. Qa3 Rc2 48. Qa4 Rc5 49. e5 Rxe5 50. g4 Rg5
51. Qe4+ Kg8=
1/2-1/2

[Event "English Opening Thematic"]
[Site "SchemingMind.com"]
[Date "2018.03.13"]
[Round "-"]
[White "Johnny Owens"]
[Black "William Lindberg"]
[Result "1/2-1/2"]
[WhiteCountry "USA"]
[BlackCountry "USA"]
[WhiteElo "2197"]
[WhiteRD "64"]
[BlackElo "2517"]
[BlackRD "67"]
[GameID "425840"]

1. c4 e5 2. g3 Nf6 3. Bg2 Bc5 4. Nc3 O-O 5. Nf3 d6 6. O-O Re8 7. d3 Nbd7 8. Na4 h6 9. b3 Bb6 10. Nxb6 axb6
11. h3 c6 12. Bb2 Nc5 13. e4 Ne6 14. Kh2 c5 15. Ng1 h5 16. a4 h4 17. Nf3 g5 18. Bc1 Nh7 19. gxh4 f6 20. Ng1 Kf7
21. Bf3 Rh8 22. h5 Nf4 23. Bg4 f5 24. Bxf5 Bxf5 25. exf5 Nf6 26. Bxf4 exf4 27. Qf3 Qc8 28. Rfe1 Qxf5 29. Qxb7+ Qd7 30. Qxd7+ Nxd7
31. Rad1 Rxh5 32. d4 Rh6 33. Kg2 Rg8 34. dxc5 Nxc5 35. Rd2 g4 36. hxg4 Nxb3 37. Rb2 Nd4 38. f3 Nf5 39. Rxb6 Ne3+ 40. Rxe3 fxe3
41. Ne2 Rc8 42. Nd4 Rxc4 43. Nf5 Rc2+ 44. Kg3 Re6 45. Rxd6 Rxd6 46. Nxd6+ Kf6 47. Nf5 Rc3 48. a5 e2 49. Kf2= Rxf3+ 50. Kxe2 Ra3
51. a6 Kg5 52. a7 Kxg4 53. a8=Q Rxa8 54. Nd6 Ra3 55. Ne4 Kf4 56. Nc5= Re3+ 57. Kd1 Rh3 58. Kd2 Ke5 59. Na6 Kd4 60. Nb4 Rh2+
61. Kd1 Kc4 62. Nc2 Kc3 63. Ne1 Rd2+ 64. Kc1 Rd6 65. Nc2 Rd5 66. Ne1= Ra5 67. Kd1 Re5 68. Nc2 Rd5+ 69. Kc1 Rd3 70. Ne1 Rd2
71. Nf3 Rd8 72. Ne1 Rd4=
1/2-1/2

[Event "English Opening Thematic"]
[Site "SchemingMind.com"]
[Date "2018.03.13"]
[Round "-"]
[White "William Lindberg"]
[Black "Keithk"]
[Result "1/2-1/2"]
[WhiteCountry "USA"]
[BlackCountry "ENG"]
[WhiteElo "2460"]
[WhiteRD "67"]
[BlackElo "2405"]
[BlackRD "65"]
[GameID "425841"]

1. c4 e5 2. g3 Nf6 3. Bg2 d5 4. cxd5 Nxd5 5. Nc3 Nxc3 6. bxc3 Nc6 7. Nf3 Bc5 8. O-O O-O 9. d3 Re8 10. Bb2 Bb6
11. d4 Bg4 12. Rc1 Qf6 13. d5 Rad8 14. e4 Nb8 15. h3 Bh5 16. Qd3 Nd7 17. Nh4 Bc5 18. c4 Qa6 19. Rc2 Qa4 20. g4 Bg6
21. Nf5 Bxf5 22. exf5 b6 23. Re1 f6 24. Qd1 Nb8 25. Be4 Nc6 26. Kg2 Na5 27. Qd3 Nb7 28. f3 Nd6 29. Bc1 Qd7 30. Kh1 Rf8
31. Ree2 a6 32. Kg2 Rb8 33. Kh2 h6 34. Kg2 Rbd8 35. Kh2 Rb8 36. h4 a5 37. Kh3 Rbd8 38. Rh2 Ra8 39. Be3 h5 40. Bxc5 hxg4+
41. fxg4 bxc5 42. Rc3 Rab8 43. Re2 Rb4 44. a3 Rb6 45. Kh2=
1/2-1/2

[Event "English Opening Thematic"]
[Site "SchemingMind.com"]
[Date "2018.03.13"]
[Round "-"]
[White "Keithk"]
[Black "William Lindberg"]
[Result "1/2-1/2"]
[WhiteCountry "ENG"]
[BlackCountry "USA"]
[WhiteElo "2405"]
[WhiteRD "65"]
[BlackElo "2460"]
[BlackRD "67"]
[GameID "425842"]

1. c4 c5 2. Nc3 Nc6 3. Nf3 e5 4. g3 Nf6 5. Bg2 Be7 6. O-O O-O 7. b3 d6 8. d3 Rb8 9. Bb2 a6 10. e3 b5
11. Qe2 Re8 12. Nd5 Nb4 13. Nxb4 cxb4 14. Rac1 bxc4 15. dxc4 Nd7 16. Rfd1 Qc7 17. Ne1 a5 18. Nd3 Bf8 19. Rc2 g6 20. Rcd2 a4
21. Bh3 a3 22. Ba1 Bg7 23. e4 Bh6 24. Rc2 f6 25. Kg2 Qc6 26. f3 Nc5 27. Bxc8 Qxc8 28. Nf2 Re6 29. Rd5 Qb7 30. Qd1 Qc6
31. Re2 Bf8 32. Re1 Rb7 33. h4 Rf7 34. Nd3 Nxd3 35. Qxd3 h5 36. Rb5 Rb7 37. Rd5 Qc8 38. Rf1 Qc6 39. Ra5 Kh7 40. Rd1 Qd7
41. Rd5 Qe8 42. Rf1 Bh6 43. Kf2 Rf7 44. Kg2 Rg7 45. Rh1 Rf7 46. Rd1 Rg7 47. Rh1 Rf7 48. Rd1 Rg7 49. Kf2 Qd7 50. Qf1 Qa7+
51. Kg2 g5 52. hxg5 Rxg5 53. Qf2 Qg7 54. Rxd6 Rxd6 55. Rxd6 Rg6 56. Ra6 Qg8 57. Kh2 Qd8 58. Ra7+ Kg8 59. Ra6 Kh7 60. Ra7+ Kg8
61. Ra6 Kh7=
1/2-1/2